000 00333 a2200157 4500
001 181613
020 _a
040 _cMagnum
100 _aBrandao, Carlos Rodrigues
240 1 0 _aO que e educacao
_lpor
245 1 0 _aO que e educacao
362 0 _a1899
440 1 _aBrasiliense
697 _aMAGNITO: PEDAGOGIA
942 _cBK
999 _c181613
_d181613